Il carcere speciale

Saved in:  
Bibliographic Details
Contributors: Prette, Maria Rita (Editor)
Format: Print Book
Language:Italian
Published: Dogliani (Cuneo) Sensibili alle Foglie 2006
In: Progetto memoria (5)
Year: 2006
Availability in Tübingen:Present in Tübingen.
UB: KB 20 A 2386
Check availability: HBZ Gateway
Subito Delivery Service: Order now.
Keywords:

MARC

LEADER 00000cam a2200000 c 4500
001 1331088755
003 DE-627
005 20251225183554.0
007 tu
008 070125s2006 it ||||| 00| ||ita c
020 |a 8889883073  |9 88-89883-07-3 
020 |a 9788889883075  |c 26.00 EUR  |9 978-88-89883-07-5 
035 |a (DE-627)1331088755 
035 |a (DE-576)261088750 
035 |a (DE-599)BSZ261088750 
035 |a (OCoLC)82899857 
035 |a (DE-604)BV022260458 
035 |a (ZDB-21-EIL)06430252 
040 |a DE-627  |b ger  |c DE-627  |e rakwb 
041 |a ita 
044 |c XA-IT 
050 0 |a HV 
050 0 |a HV9692 
082 0 |a 365 
084 |a 8,2  |2 ssgn 
245 0 3 |a Il carcere speciale  |c a cura di Maria Rita Prette 
264 1 |a Dogliani (Cuneo)  |b Sensibili alle Foglie  |c 2006 
300 |a 639 p.  |c 24 cm 
336 |a Text  |b txt  |2 rdacontent 
337 |a ohne Hilfsmittel zu benutzen  |b n  |2 rdamedia 
338 |a Band  |b nc  |2 rdacarrier 
490 1 |a Progetto memoria  |v 5 
500 |a Contains bibliography and internet addresses. - Documents 
583 1 |a Archivierung prüfen  |c 20200919  |f DE-640  |z 1  |2 pdager 
650 0 |a Political prisoners  |z Italy  |x Social conditions 
650 0 |a Prisons  |z Italy 
655 7 |a Quelle  |0 (DE-588)4135952-5  |0 (DE-627)105661236  |0 (DE-576)209665084  |2 gnd-content 
689 0 0 |d g  |0 (DE-588)4027833-5  |0 (DE-627)106283235  |0 (DE-576)208972501  |a Italien  |2 gnd 
689 0 1 |d s  |0 (DE-588)4057808-2  |0 (DE-627)106149415  |0 (DE-576)20912377X  |a Strafvollzug  |2 gnd 
689 0 2 |a z  |2 gnd  |a Geschichte 1969-2006 
689 0 |5 DE-101 
689 1 0 |d g  |0 (DE-588)4027833-5  |0 (DE-627)106283235  |0 (DE-576)208972501  |a Italien  |2 gnd 
689 1 1 |d s  |0 (DE-588)4057808-2  |0 (DE-627)106149415  |0 (DE-576)20912377X  |a Strafvollzug  |2 gnd 
689 1 2 |d s  |0 (DE-588)4160228-6  |0 (DE-627)105479330  |0 (DE-576)209856238  |a Hochsicherheitstrakt  |2 gnd 
689 1 3 |a z  |2 gnd  |a Geschichte 1969-2006 
689 1 |5 (DE-627) 
700 1 |a Prette, Maria Rita  |e Hrsg.  |4 edt 
830 0 |a Progetto memoria  |v 5  |9 5  |w (DE-627)1129046206  |w (DE-576)059046201  |7 am 
951 |a BO 
ELC |b 1 
LOK |0 000 xxxxxcx a22 zn 4500 
LOK |0 001 2525652800 
LOK |0 003 DE-627 
LOK |0 004 1331088755 
LOK |0 005 20070313083457 
LOK |0 008 070125||||||||||||||||ger||||||| 
LOK |0 040   |a DE-21  |c DE-627  |d DE-21 
LOK |0 852   |a DE-21 
LOK |0 852 1  |c KB 20 A 2386  |9 00 
LOK |0 935   |a krim 
LOK |0 936ln  |a k12.15 
LOK |0 938   |l 27/02/07  |8 6 
LOK |0 939   |a 25-01-07  |b l01 
ORI |a SA-MARC-krimdoka001.raw 
SIG |a UB: KB 20 A 2386 
TIM |a 100019690101_100020061231  |b Geschichte 1969-2006